Ionization chambers and counters (Record no. 1337)

MARC details
000 -LEADER
fixed length control field 00716nam a2200205Ia 4500
003 - CONTROL NUMBER IDENTIFIER
control field IN-BaIIA
008 - FIXED-LENGTH DATA ELEMENTS--GENERAL INFORMATION
fixed length control field 211028s9999 xx 000 0 eng d
040 ## - CATALOGING SOURCE
Transcribing agency IIA Library
080 ## - UNIVERSAL DECIMAL CLASSIFICATION NUMBER
Universal Decimal Classification number 539.1
Item number ROS
100 ## - MAIN ENTRY--PERSONAL NAME
Personal name Rossi, Bruno B
9 (RLIN) 2772
245 #0 - TITLE STATEMENT
Title Ionization chambers and counters
Remainder of title experimental techniques
Statement of responsibility, etc. Bruno B Rossi and Hans H Staub
260 ## - PUBLICATION, DISTRIBUTION, ETC.
Place of publication, distribution, etc. New York
Name of publisher, distributor, etc. McGraw-Hill
Date of publication, distribution, etc. 1949
300 ## - PHYSICAL DESCRIPTION
Extent xviii, 243p.
490 ## - SERIES STATEMENT
Series statement National nuclear energy series manhattan project technical section division; vol. 2
650 ## - SUBJECT ADDED ENTRY--TOPICAL TERM
Topical term or geographic name entry element Ionization process
9 (RLIN) 2773
650 ## - SUBJECT ADDED ENTRY--TOPICAL TERM
Topical term or geographic name entry element NASA thesaurus
650 ## - SUBJECT ADDED ENTRY--TOPICAL TERM
Topical term or geographic name entry element Nuclear astrophysics
9 (RLIN) 2774
700 ## - ADDED ENTRY--PERSONAL NAME
Personal name Staub, Hans H.
9 (RLIN) 2775
942 ## - ADDED ENTRY ELEMENTS (KOHA)
Koha item type Books
Holdings
Withdrawn status Lost status Damaged status Not for loan Home library Current library Shelving location Date acquired Total Checkouts Full call number Barcode Date last seen Price effective from Koha item type
        IIA Library-Bangalore IIA Library-Bangalore General Stacks     539.1/ ROS 1414 05/11/2021   Books

Powered by Koha